Welcome to the Holygrace Academy Library

Please use search bar below to get started

IVANHOE (Record no. 7191)

MARC details
000 -LEADER
fixed length control field 00488nam a22001457a 4500
020 ## - INTERNATIONAL STANDARD BOOK NUMBER
ISBN 93918-4184-8
082 ## - DEWEY DECIMAL CLASSIFICATION NUMBER
Classification number 823
Item number SCO/I
100 ## - MAIN ENTRY--AUTHOR NAME
Personal name SCOTT, WALTER
245 ## - TITLE STATEMENT
Title IVANHOE
Remainder of title CHILDRENS ILLUSTRATED CLASSICS
260 ## - PUBLICATION, DISTRIBUTION, ETC. (IMPRINT)
Place of publication BANGALORE
Name of publisher PRISM BOOKS PVT LTD
Year of publication 2023
300 ## - PHYSICAL DESCRIPTION
Number of Pages 208
520 ## - SUMMARY, ETC.
Summary, etc Ivanhoe is the story of one of the remaining Anglo-Saxon noble families at a time when the nobility in England was overwhelmingly Norman.
650 ## - SUBJECT ADDED ENTRY--TOPICAL TERM
Topical Term CHILDRENS ILLUSTRATED CLASSICS
942 ## - ADDED ENTRY ELEMENTS (KOHA)
Koha item type Books
Holdings
Withdrawn status Lost status Collection code Home library Current library Shelving location Date acquired Source of acquisition Cost, normal purchase price Full call number Accession Number Koha item type
    Fiction Main Library Main Library NEW SHELF WITH NEW ENTRY 11/11/2023 Purchase 195.00 823 SCO/I 13312 Books